000 00303nam a2200109Ia 4500
008 151001s9999||||xx |||||||||||||| ||und||
245 _aकन्याकुमारी
250 _a1
260 _bराजेंद्र प्रकाशन ठाणे
300 _a330
365 _b18
999 _c978499
_d978496